6'0 and Under Players with 5,000 Points - Statistics

General Stats
  • This quiz has been taken 24 times
  • The average score is 4 of 10
Answer Stats
Hint Answer % Correct
Hornets(Historic) Muggsy Bogues
89%
76ers(Historic) Allen Iverson
67%
Hawks(Historic) Spud Web
67%
Clippers Chris Paul
56%
Raptors Kyle Lowry
44%
Suns Isaiah Thomas
22%
Mavericks(Historic) J.J. Barea
22%
Rockets(Historic) Calvin Murphy
11%
Knicks(Historic) Nate Robinson
11%
Nuggets(Historic) Micheal Adams
6%
No matching quizzes found
Score Distribution
Percent of People with Each Score
Percentile by Number Answered
Your Score History
You have not taken this quiz